Welcome to the Holygrace Academy Library

Please use search bar below to get started

WAR AT SEA (Record no. 2105)

MARC details
000 -LEADER
fixed length control field 00298nam a22001337a 4500
020 ## - INTERNATIONAL STANDARD BOOK NUMBER
ISBN 1-85605-265-6
082 ## - DEWEY DECIMAL CLASSIFICATION NUMBER
Classification number 001
Item number FAR/W
100 ## - MAIN ENTRY--AUTHOR NAME
Personal name FARRINGTON, KARREN
245 ## - TITLE STATEMENT
Title WAR AT SEA
260 ## - PUBLICATION, DISTRIBUTION, ETC. (IMPRINT)
Place of publication ENDERBY
Name of publisher BLITZ EDTITIONS
300 ## - PHYSICAL DESCRIPTION
Number of Pages 80
650 ## - SUBJECT ADDED ENTRY--TOPICAL TERM
Topical Term GENERAL KNOWLEDGE
Geographic subdivision NEWZEA LAND
942 ## - ADDED ENTRY ELEMENTS (KOHA)
Koha item type Books
Holdings
Withdrawn status Lost status Collection code Home library Current library Shelving location Date acquired Source of acquisition Full call number Accession Number Koha item type
    Reference Main Library Main Library SHELF 2-A SCIENCE IN OUR WORLD,FUNK7WAGNALLS ENCYCLO,,FIRST AID ,Y2K,MEDICAL 11/03/2002 PURCHASE 001 FAR/W 01620 Books